000 03716cam a2200373 i 4500
001 22411267
003 OSt
005 20231005161747.0
008 220204s2022 nyua 000 1 eng
010 _a 2022005152
020 _a97814746i3070
020 _a9781324090953
_q(cloth)
020 _z9781324090960
_q(epub)
040 _aDLC
_beng
_erda
_cDLC
_dDLC
041 1 _aeng
_hbul
042 _apcc
050 0 0 _aPG1038.17.O85
_bV7413 2022
082 0 0 _a891.8134
100 1 _aGospodinov, Georgi,
_d1968-
_eauthor.
_99675
240 1 0 _aVremeubezhishte.
_lEnglish
245 1 0 _aTime shelter :
_ba novel /
_cGeorgi Gospodinov ; translated from the Bulgarian by Angela Rodel.
264 1 _aNew York :
_bLiveright Publishing Corporation, a division of W. W. Norton & Company,
_c[2022]
300 _a304 pages :
_billustrations ;
_c22 cm
336 _atext
_btxt
_2rdacontent
337 _aunmediated
_bn
_2rdamedia
338 _avolume
_bnc
_2rdacarrier
500 _a"Georgi Gospodinov and Angela Rodel have won the International Booker Prize 2023 for the novel Time Shelter"--The Booker Prizes website.
520 _a"An award-winning international sensation-with a second-act dystopian twist-Time Shelter is a tour de force set in a world clamoring for the past before it forgets. "At one point they tried to calculate when time began, when exactly the earth had been created," begins Time Shelter's enigmatic narrator, who will go unnamed. "In the mid-seventeenth century, the Irish bishop Ussher calculated not only the exact year, but also a starting date: October 22, 4,004 years before Christ." But for our narrator, time as he knows it begins when he meets Gaustine, a "vagrant in time" who has distanced his life from contemporary reality by reading old news, wearing tattered old clothes, and haunting the lost avenues of the twentieth century. In an apricot-colored building in Zurich, surrounded by curiously planted forget-me-nots, Gaustine has opened the first "clinic for the past," an institution that offers an inspired treatment for Alzheimer's sufferers: each floor reproduces a past decade in minute detail, allowing patients to transport themselves back in time to unlock what is left of their fading memories. Serving as Gaustine's assistant, the narrator is tasked with collecting the flotsam and jetsam of the past, from 1960s furniture and 1940s shirt buttons to nostalgic scents and even wisps of afternoon light. But as the charade becomes more convincing, an increasing number of healthy people seek out the clinic to escape from the dead-end of their daily lives-a development that results in an unexpected conundrum when the past begins to invade the present. Through sharply satirical, labyrinth-like vignettes reminiscent of Italo Calvino and Franz Kafka, the narrator recounts in breathtaking prose just how he became entrenched in a plot to stop time itself. "A trickster at heart, and often very funny" (Garth Greenwell, The New Yorker), prolific Bulgarian author Georgi Gospodinov masterfully stalks the tragedies of the last century, including our own, in what becomes a haunting and eerily prescient novel teeming with ideas. Exquisitely translated by Angela Rodel, Time Shelter is a truly unforgettable classic from "one of Europe's most fascinating and irreplaceable novelists" (Dave Eggers)"--
_cProvided by publisher.
655 7 _aNovels.
_2lcgft
700 1 _aRodel, Angela,
_etranslator.
906 _a7
_bcbc
_corignew
_d1
_eecip
_f20
_gy-gencatlg
942 _2ddc
_cBK
_h891.8134
_iGOS/T
_k891.8134
_mGOS/T
999 _c42542
_d42542